Visita domiciliaria integral en materia de comercio exterior

Bibliographic Details
Main Author: Cabal Ruiz, Silvia Ingrid
Format: eBook
Language:Spanish
Published: Ciudad de Mx̌ico: Ediciones Fiscales ISEF, 2020
Subjects:
Online Access:Acceso restringido

MARC

LEADER 00000nam a22000007a 4500
005 20200604234225.0
007 cr|||| ||||
008 200604s2020 mx |||||s|||| 00||0 spa d
020 |a 978-607-541-196-5 
035 |a 31665 
040 |a vLex 
090 |c 10545  |d 10545 
100 1 |a Cabal Ruiz, Silvia Ingrid 
245 1 0 |a Visita domiciliaria integral en materia de comercio exterior  |h [Recurso electrn̤ico] /  |c Silvia Ingrid Cabal Ruiz 
256 |a Servicio en ln̕ea 
260 |a Ciudad de Mx̌ico:  |b Ediciones Fiscales ISEF,  |c 2020 
300 |a 1 recurso electrn̤ico 
506 1 |a Disponible solo en los productos indicados  |d vLex Global  |d vLex Global (Academic Edition, excluding Law Schools)  |d vLex Global (U.S. Academic Edition, Law Schools)  |d vLex Global (U.S. Academic Edition, excluding Law Schools)  |d vLex Global (Academic Edition, Law Schools) 
650 0 4 |a Derecho Mercantil y de la Empresa  |z Mx̌ico 
740 0 |a vLex Libros (Servicio en ln̕ea) 
856 4 0 |u http://vlex.com/source/visita-domiciliaria-integral-materia-comercio-exterior-31665  |z Acceso restringido 
942 |c BOOK 
999 0 |a Commercial and Company Law